El derecho de educar en la escuela / [compilador] Ramón Sánchez Medal

Tallennettuna:
Bibliografiset tiedot
Muut tekijät: I. Sánchez Medal, Ramón, comp. (autor) (autor)
Aineistotyyppi: Kirja
Aiheet:
Tagit: Lisää tagi
Ei tageja, Lisää ensimmäinen tagi!

MARC

LEADER 00000nam^a2200000^u^4500
001 000551974
005 20250521000000.0
008 060220s1000^^^^^^^^^^^^r^^^^^000^0^spa^d
009 20260310131607.1
035 |a FMI 000021762 
037 |a Acervo Xavier Clavigero 
096 |a 8.7.1/24/E 
245 0 3 |a El derecho de educar en la escuela / [compilador] Ramón Sánchez Medal 
264 |a México : Jus, 1963 
300 |a 86 p. 
336 |a texto  |b txt  |2 rdacontenido 
337 |a sin mediación  |b n  |2 rdamedio 
338 |a volumen  |b nc  |2 rdasoporte 
597 |a "Documentos de Obispos Mexicanos, Unión Nacional de Padres de Familia, Secretaría de Educación Pública" 
649 |a XX 
650 |a Educación 
700 |a I. Sánchez Medal, Ramón, comp.  |e (autor) 
910 |a Fondo Francisco Migoya Covarrubias S.J. 
920 |a Impresos - Libros 
930 |a Fondos Especiales 
905 |a 134 
901 |a SBC22587  |b IT2  |c ESP  |u 20250521 
902 |a https://opac.biblio.iteso.mx/vufind/Record/000551974